V Londýne vzbudili výrobky Agrobitu zaslúženú pozornosť

Podrobná bibliografia
Hlavní autori: Bartko, Vlastimil (Author), Kmec, Ján (Author)
Médium: Článok
Jazyk:Slovak
Témy:
Zdroj: 1. Roľnícke novinky 1. Roč. 7, č. 2(1997), s. 16
LEADER 00893nab#a2200313#ar4500
001 000042313
003 SVKKK
005 00000000000000.0
008 c xo e sloo
FMT
038 |a SVKKK 
040 |a SVKKK  |b slo  |e AACR2 
041 0 |a slo 
044 |a xo  |c SK 
080 |a 637.  |2 1981 
100 1 |a Bartko, Vlastimil  |4 aut 
245 1 0 |a V Londýne vzbudili výrobky Agrobitu zaslúženú pozornosť  |c Bartko Vlastimil, , Kmec Ján 
300 |b Ilustr. fotogr. 1 
650 0 4 |a mäso  |x spracovanie  |z Agrobit, a.s., Vranov nad Topľou  |x sortiment výrobný  |x produkcia  |x odbyt  |x rozhovory 
650 0 4 |a priemysel potravinársky 
700 1 |a Kmec, Ján  |4 aut 
773 0 |t Roľnícke novinky  |g Roč. 7, č. 2(1997), s. 16 
957 |a Vranov nad Topľou 
958 |a VT 
974 |d 990302  |a Šá 
992 |a RBX 
BAS
852 |a SVKKK  |b BIB 
998 |a REG